[Event "Warsaw YMCA Autumn-D 223rd"]
[Site "Warsaw"]
[Date "2019.12.03"]
[Round "12"]
[White "Oles, Jan"]
[Black "Flig, Wojciech"]
[Result "0-1"]
[WhiteElo "1293"]
[BlackElo "1321"]
[PlyCount "48"]
[EventDate "2019.09.19"]
[EventType "tourn"]
[EventRounds "13"]
[EventCountry "POL"]
[SourceTitle "CBM 195 Extra"]
[Source "ChessBase"]
[SourceDate "2020.05.31"]
[SourceVersion "1"]
[SourceVersionDate "2020.05.31"]
[SourceQuality "1"]

1. d4 Nf6 2. c4 e6 3. a3 b6 4. Nc3 Bb7 5. b4 c5 6. dxc5 bxc5 7. b5 d5 8. f3 Nbd7 9. cxd5 exd5 10. e3 Bd6 11. f4 0-0 12. a4 Qe7 13. Qe2 Rfe8 14. a5 a6 15. b6 d4 16. Nd1 Ne4 17. Nf3 c4 18. Qxc4 Bb4+ 19. Bd2 Bxd2+ 20. Nxd2 Qh4+ 21. g3 Nxg3 22. hxg3 Qxg3+ 23. Nf2 dxe3 24. Rh3 Qxf2+ 0-1

[Event "Warsaw YMCA Autumn-D 223rd"]
[Site "Warsaw"]
[Date "2019.10.01"]
[Round "3"]
[White "Szopa, Andrzej1111"]
[Black "Flig, Wojciech"]
[Result "0-1"]
[WhiteElo "1089"]
[BlackElo "1321"]
[PlyCount "46"]
[EventDate "2019.09.19"]
[EventType "tourn"]
[EventRounds "13"]
[EventCountry "POL"]
[SourceTitle "CBM 195 Extra"]
[Source "ChessBase"]
[SourceDate "2020.05.31"]
[SourceVersion "1"]
[SourceVersionDate "2020.05.31"]
[SourceQuality "1"]

1. c4 e5 2. Nc3 Nf6 3. Nf3 Nc6 4. e3 d5 5. cxd5 Nxd5 6. Bb5 Nxc3 7. bxc3 Bd7 8. 0-0 Bd6 9. d4 exd4 10. exd4 0-0 11. Re1 a6 12. Bd3 Bg4 13. h3 Bh5 14. g4 Bg6 15. Bxg6 fxg6 16. Qb3+ Kh8 17. Ng5 Qf6 18. Qb2 Rae8 19. Rxe8 Rxe8 20. Be3 Rxe3 21. Qxb7 Re8 22. Qxc6 Bh2+ 23. Kg2 Qxc6+ 0-1

[Event "Warsaw YMCA Spring-D 201st"]
[Site "Warsaw"]
[Date "2018.05.17"]
[Round "7"]
[White "Oles, Jan"]
[Black "Flig, Wojciech"]
[Result "0-1"]
[WhiteElo "1175"]
[BlackElo "1334"]
[PlyCount "104"]
[EventDate "2018.04.05"]
[EventType "tourn"]
[EventRounds "13"]
[EventCountry "POL"]
[SourceTitle "EXT 2021"]
[Source "ChessBase"]
[SourceDate "2020.10.23"]
[SourceVersion "1"]
[SourceVersionDate "2020.10.23"]
[SourceQuality "1"]

1. f4 d5 2. Nf3 Nc6 3. d4 Bf5 4. e3 Nf6 5. Nc3 e6 6. Nh4 Be4 7. Nxe4 Nxe4 8. Nf3 Be7 9. g3 h5 10. Bd3 Nf6 11. Ne5 Nxe5 12. dxe5 Nd7 13. e4 Nc5 14. Bb5+ c6 15. Be2 Nxe4 16. Bxh5 Bb4+ 17. Kf1 Qb6 18. Bxf7+ Kxf7 19. Qf3 Bd2 20. Kg2 Bxc1 21. Rhxc1 Qd4 22. h4 Rab8 23. b3 Qc3 24. Qxc3 Nxc3 25. Kh3 Rbf8 26. g4 Ne4 27. Rf1 Ke7 28. f5 Rf7 29. Rf4 Ng5+ 30. Kg3 Ne4+ 31. Kh3 Kd7 32. Raf1 Rhf8 33. Rd1 exf5 34. gxf5 Ke7 35. Kg4 Nc3 36. Rdf1 a6 37. Kg5 Nxa2 38. f6+ gxf6+ 39. Rxf6 Nc3 40. Rxf7+ Rxf7 41. Rxf7+ Kxf7 42. h5 Ne4+ 43. Kf4 Kg7 44. e6 Nf6 45. Ke5 Nxh5 46. Kd6 Kf6 47. Kc7 Kxe6 48. Kxb7 Kd6 49. Kxa6 Nf6 50. b4 Ne8 51. Kb6 Nc7 52. c3 Nb5 0-1

[Event "Warsaw YMCA Spring-E 171th"]
[Site "Warsaw"]
[Date "2016.06.20"]
[Round "13"]
[White "Flig, Wojciech"]
[Black "Rejniak, Zuzanna"]
[Result "1-0"]
[WhiteElo "1382"]
[BlackElo "1264"]
[PlyCount "101"]
[EventDate "2016.04.04"]
[EventType "tourn"]
[EventRounds "13"]
[EventCountry "POL"]
[SourceTitle "EXT 2019"]
[Source "ChessBase"]
[SourceDate "2018.10.10"]
[SourceVersion "1"]
[SourceVersionDate "2018.10.10"]
[SourceQuality "1"]

1. e4 c6 2. d4 d5 3. Nc3 dxe4 4. Nxe4 Bf5 5. Ng3 Bg6 6. h4 h6 7. Nh3 e6 8. Nf4 Bh7 9. Bd3 Bxd3 10. Qxd3 Nf6 11. Bd2 Nbd7 12. 0-0-0 Qb6 13. Rhe1 0-0-0 14. Nfh5 Rg8 15. Qf3 Be7 16. Nf5 Bf8 17. Ne3 Qb5 18. Nxf6 Nxf6 19. g4 Rxd4 20. g5 hxg5 21. hxg5 Qxg5 22. Nc4 Qd5 23. Qxd5 Nxd5 24. Ne5 f6 25. Nf3 Ra4 26. Rxe6 Rxa2 27. Kb1 Kd7 28. c4 Rxb2+ 29. Kxb2 Kxe6 30. cxd5+ cxd5 31. Re1+ Kd7 32. Nd4 Bc5 33. Nf5 g6 34. Ne3 Bxe3 35. Bxe3 Re8 36. Rh1 g5 37. Bxa7 Re2+ 38. Kc3 Kc6 39. Bd4 f5 40. Rh6+ Kd7 41. Rh5 Re7 42. Rxg5 Rf7 43. Kb4 Kc6 44. Rg6+ Kc7 45. Kc5 Rd7 46. Be5+ Kc8 47. Rg8+ Rd8 48. Rxd8+ Kxd8 49. Kxd5 Kd7 50. Bb2 b6 51. Ke5 1-0

[Event "Warsaw YMCA Spring-E 171th"]
[Site "Warsaw"]
[Date "2016.05.23"]
[Round "8"]
[White "Podhajecki, Jerzy"]
[Black "Flig, Wojciech"]
[Result "0-1"]
[WhiteElo "1149"]
[BlackElo "1520"]
[PlyCount "104"]
[EventDate "2016.04.04"]
[EventType "tourn"]
[EventRounds "13"]
[EventCountry "POL"]
[SourceTitle "EXT 2019"]
[Source "ChessBase"]
[SourceDate "2018.10.10"]
[SourceVersion "1"]
[SourceVersionDate "2018.10.10"]
[SourceQuality "1"]

1. e4 c5 2. Nf3 d6 3. d4 cxd4 4. Nxd4 Nf6 5. Nc3 a6 6. Be3 Ng4 7. Qd2 Nxe3 8. Qxe3 Nc6 9. Nf3 e6 10. Be2 Be7 11. a3 0-0 12. 0-0 b5 13. Bd3 Bb7 14. Rad1 h6 15. Ne2 Rc8 16. b4 Qc7 17. Rfe1 d5 18. e5 Rce8 19. Nf4 Bc8 20. c3 f6 21. Ng6 Rf7 22. Ngh4 Rff8 23. Bg6 Rd8 24. exf6 Bxf6 25. Qd3 Ne7 26. Bh5 Qxc3 27. Ng6 Qxd3 28. Nxe7+ Bxe7 29. Rxd3 Bd6 30. Nh4 d4 31. Bg4 Rf4 32. h3 h5 33. g3 Rf6 34. Bxh5 e5 35. Kg2 Rdf8 36. Rd2 Bb7+ 37. Kg1 Rh6 38. Bd1 g5 39. Bb3+ Kg7 40. f4 gxh4 41. fxe5 Be7 42. g4 Rf3 43. Bd1 Rxh3 44. Rxd4 Kf8 45. Rf1+ Ke8 46. Rdf4 Rh1+ 47. Kf2 Rxf1+ 48. Kxf1 h3 49. Rf2 h2 50. Rxh2 Rxh2 51. a4 bxa4 52. Bxa4+ Kf8 0-1